The Bleeding Kashmir (Record no. 344057)

000 -LEADER
fixed length control field 00337 a2200133 4500
003 - CONTROL NUMBER IDENTIFIER
control field OSt
005 - DATE AND TIME OF LATEST TRANSACTION
control field 20180116182701.0
008 - FIXED-LENGTH DATA ELEMENTS--GENERAL INFORMATION
fixed length control field 160426b xxu||||| |||| 00| 0 eng d
040 ## - CATALOGING SOURCE
Transcribing agency 0
100 ## - MAIN ENTRY--PERSONAL NAME
Personal name Major Iqbal Hashmi
245 ## - TITLE STATEMENT
Title The Bleeding Kashmir
260 ## - PUBLICATION, DISTRIBUTION, ETC.
Place of publication, distribution, etc. Royal Book Company Pakistan
Date of publication, distribution, etc. 1993
942 ## - ADDED ENTRY ELEMENTS (KOHA)
Institution code [OBSOLETE] NBS
Koha item type Book
Call number prefix 954.546 IQB
Source of classification or shelving scheme
Holdings
Withdrawn status Lost status Damaged status Not for loan Permanent Location Current Location Date acquired Total Checkouts Full call number Barcode Date last seen Date last checked out Price effective from Koha item type
        Central Library (CL) Central Library (CL) 08/28/2013 1 954.546 IQB NBS6226 11/23/2017 08/29/2017 08/28/2013 Book
© 2023 Central Library, National University of Sciences and Technology. All Rights Reserved.